000 00701nam a2200289Ia 4500
005 20260324121618.0
008 008 260324s9999 xx 000 0 eng d
020 _a9780203509074
037 _aEBOOK
040 _aCRL
040 _beng
040 _cCRL
041 _2eng
041 _aeng
084 _qCRL
100 _aConor M. Dowling; Michael G. Miller
_91163182
245 0 _aSuper PAC!
245 0 _bMoney, Elections, and Voters after Citizens United
260 _bTaylor and Francis
260 _c2014
365 _a
365 _b255
856 _uhttp://www.taylorfrancis.com/books/9780203509074
942 _cEBOOK
999 _c1755410
_d1755410